zpět

Detail výsledku týmu

Bowling bar, Bechyně

Datum a čas kvízu

25 Celkem bodů Celkový počet nahraných bodů na tomto kvízu bez doplňovacích otázek.
9. Pořadí na kvízu Konečné umístění týmu na tomto kvízu.

Zaznamenané odpovědi

# Otázka Odpověď Body Výsledky
1. Jak se jmenuje kandidát na úst... Pavel Simon 0
2. Paprička jisté odrůdy existuje... Pepper X 0
3. Ve čtvrtek mělo premiéru ameri... Martin Scorcese 0
4. Nápojářský gigant Kofola bude... v Kolumbii 0
5. Ve čtvrtek na tenisovém turnaj... zahrál úder opačnou rukou 0
6. V tomto tématu zabrousíme do č... Jana Nerudu 0
7. Drama Nabarvené ptáče z roku 2... Václav Marhoul 0
8. V srpnu 2023 přišel do kin fil... Nikdy neříkej nikdy 0
9. Pod českoněmecký film Pták ohn... Václav Vorlíček, Miloš Macourek 1
10. Ptakopysk sice není pták, ale... Nejistá sezona 1